La crisis de la constitución del derecho de propiedad en la sociedad contemporánea (Record no. 20340)
[ view plain ]
| 000 -LEADER | |
|---|---|
| campo de control de longitud fija | 00689nam a2200169 i 4500 |
| 001 - NÚMERO DE CONTROL | |
| campo de control | 20340 |
| 003 - IDENTIFICADOR DE NÚMERO DE CONTROL | |
| campo de control | ES-MaACL |
| 005 - FECHA Y HORA DE LA ÚLTIMA TRANSACCIÓN | |
| campo de control | 20230906152300.0 |
| 007 - CAMPO FIJO DE DESCRIPCIÓN FÍSICA--INFORMACIÓN GENERAL | |
| campo de control de longitud fija | t| |
| 008 - DATOS DE LONGITUD FIJA--INFORMACIÓN GENERAL | |
| campo de control de longitud fija | 021111s1907 sp |||| | spa d |
| 100 1# - ENTRADA PRINCIPAL--NOMBRE DE PERSONA | |
| Nombre de persona | Aguilar Jiménez, Juan. |
| 9 (RLIN) | 18729 |
| 245 13 - MENCIÓN DEL TÍTULO | |
| Título | La crisis de la constitución del derecho de propiedad en la sociedad contemporánea |
| Resto del título | : discurso inagural leido en la solemne apertura del curso académico de 1907-1908 en el Seminario Auxiliar de Madrid / |
| Mención de responsabilidad, etc. | por Juan Aguilar Jiménez. |
| 260 ## - PUBLICACIÓN, DISTRIBUCIÓN, ETC. | |
| Lugar de publicación, distribución, etc. | Madrid : |
| Nombre del editor, distribuidor, etc. | [s.n., |
| Fecha de publicación, distribución, etc. | 1907] ( |
| Fabricante | Imp. del Círculo de Huérfanos de S.C. de Jesús) |
| 300 ## - DESCRIPCIÓN FÍSICA | |
| Extensión | 54 p. ; |
| Dimensiones | 24 cm. |
| 650 04 - PUNTO DE ACCESO ADICIONAL DE MATERIA--TÉRMINO DE MATERIA | |
| Término de materia o nombre geográfico como elemento de entrada | Propiedad. |
| 9 (RLIN) | 16476 |
| 852 ## - LOCALIZACIÓN | |
| Ubicación | ES-MaACL |
| Número de control de estantería | T-492-F-7 |
| Estatus retirado | Estado de pérdida | Estado de daño | No para préstamo | Colección | Biblioteca de origen | Biblioteca actual | Ubicación en estantería | Fecha de adquisición | Fuente de adquisición | Total de préstamos | Signatura topográfica completa | Código de barras | Visto por última vez | Precio de reemplazo | Tipo de ítem Koha |
|---|---|---|---|---|---|---|---|---|---|---|---|---|---|---|---|
| Colección de folletos | Biblioteca del Ateneo de Madrid | Biblioteca del Ateneo de Madrid | Depósito folletos | 17/01/2008 | T-492-F-7 | 1020858 | 23/02/2023 | 23/02/2023 | Folleto |
